<?xml version="1.0" encoding="UTF-8"?>
<record
    xmlns:xsi="http://www.w3.org/2001/XMLSchema-instance"
    xsi:schemaLocation="http://www.loc.gov/MARC21/slim http://www.loc.gov/standards/marcxml/schema/MARC21slim.xsd"
    xmlns="http://www.loc.gov/MARC21/slim">

  <leader>02901nam a2200541Ia 4500</leader>
  <controlfield tag="001">4829</controlfield>
  <controlfield tag="008">241029s9999    xx            000 0 und d</controlfield>
  <datafield tag="010" ind1=" " ind2=" ">
    <subfield code="a">4565</subfield>
  </datafield>
  <datafield tag="041" ind1=" " ind2=" ">
    <subfield code="a">Espa&#xF1;ol</subfield>
  </datafield>
  <datafield tag="082" ind1=" " ind2=" ">
    <subfield code="a">EDU-Ma 2011 G895i</subfield>
  </datafield>
  <datafield tag="245" ind1=" " ind2="0">
    <subfield code="a">Incidencia de la educaci&#xF3;n inicial, en el primer grado de b&#xE1;sica Distrito Educativo 09-03, Rep&#xFA;blica Dominicana</subfield>
  </datafield>
  <datafield tag="260" ind1=" " ind2=" ">
    <subfield code="a">Distrito Nacional</subfield>
  </datafield>
  <datafield tag="300" ind1=" " ind2=" ">
    <subfield code="a">94</subfield>
  </datafield>
  <datafield tag="520" ind1=" " ind2=" ">
    <subfield code="a">51</subfield>
  </datafield>
  <datafield tag="630" ind1=" " ind2=" ">
    <subfield code="a">Econom&#xED;a</subfield>
  </datafield>
  <datafield tag="630" ind1=" " ind2=" ">
    <subfield code="a">Estudiantes</subfield>
  </datafield>
  <datafield tag="630" ind1=" " ind2=" ">
    <subfield code="a">Incidencia</subfield>
  </datafield>
  <datafield tag="650" ind1=" " ind2=" ">
    <subfield code="a">Nivel Inicial</subfield>
  </datafield>
  <datafield tag="690" ind1=" " ind2=" ">
    <subfield code="a">Elaborado</subfield>
  </datafield>
  <datafield tag="700" ind1=" " ind2=" ">
    <subfield code="e">asesor</subfield>
    <subfield code="a">J. Adarberto, Mart&#xED;nez</subfield>
  </datafield>
  <datafield tag="700" ind1=" " ind2=" ">
    <subfield code="e">autor</subfield>
    <subfield code="a">Guzm&#xE1;n Rodr&#xED;guez , Greysi Josefina </subfield>
  </datafield>
  <datafield tag="901" ind1=" " ind2=" ">
    <subfield code="a">{"1":"Guzm&#xE1;n Rodr&#xED;guez "}</subfield>
    <subfield code="b">{"1":"Greysi Josefina "}</subfield>
  </datafield>
  <datafield tag="902" ind1=" " ind2=" ">
    <subfield code="a">1</subfield>
  </datafield>
  <datafield tag="903" ind1=" " ind2=" ">
    <subfield code="a">{"1":"J. Adarberto"}</subfield>
    <subfield code="b">{"1":"Mart&#xED;nez"}</subfield>
  </datafield>
  <datafield tag="904" ind1=" " ind2=" ">
    <subfield code="a">Maestr&#xED;a en</subfield>
  </datafield>
  <datafield tag="905" ind1=" " ind2=" ">
    <subfield code="a">Consejer&#xED;a Escolar</subfield>
  </datafield>
  <datafield tag="906" ind1=" " ind2=" ">
    <subfield code="a">2</subfield>
  </datafield>
  <datafield tag="907" ind1=" " ind2=" ">
    <subfield code="a">NO APLICA</subfield>
  </datafield>
  <datafield tag="908" ind1=" " ind2=" ">
    <subfield code="a">NO APLICA</subfield>
  </datafield>
  <datafield tag="909" ind1=" " ind2=" ">
    <subfield code="a">Universidad Nacional Pedro Henr&#xED;quez Ure&#xF1;a (UNPHU), Recinto Garrido Puello</subfield>
  </datafield>
  <datafield tag="910" ind1=" " ind2=" ">
    <subfield code="a">NULL</subfield>
    <subfield code="b">NULL</subfield>
  </datafield>
  <datafield tag="911" ind1=" " ind2=" ">
    <subfield code="a">["1"]</subfield>
  </datafield>
  <datafield tag="912" ind1=" " ind2=" ">
    <subfield code="a">NO APLICA</subfield>
  </datafield>
  <datafield tag="913" ind1=" " ind2=" ">
    <subfield code="a">NULL</subfield>
  </datafield>
  <datafield tag="914" ind1=" " ind2=" ">
    <subfield code="a">01 de Septiembre de 2011</subfield>
  </datafield>
  <datafield tag="915" ind1=" " ind2=" ">
    <subfield code="a">23/11/16 12:11</subfield>
  </datafield>
  <datafield tag="916" ind1=" " ind2=" ">
    <subfield code="a">NULL</subfield>
  </datafield>
  <datafield tag="917" ind1=" " ind2=" ">
    <subfield code="a">NULL</subfield>
  </datafield>
  <datafield tag="918" ind1=" " ind2=" ">
    <subfield code="a">NO APLICA</subfield>
  </datafield>
  <datafield tag="919" ind1=" " ind2=" ">
    <subfield code="a">["288","96","209"]</subfield>
  </datafield>
  <datafield tag="520" ind1=" " ind2=" ">
    <subfield code="a">Este estudio tuvo como objetivo determinar la incidencia de la Educaci&#xF3;n Inicial sobre el primer grado de b&#xE1;sica en el desarrollo integral de los ni&#xF1;os de este nivel en los municipios de los Alm&#xE1;cigos, y San Ignacio de Sabaneta, &#xA0;provincia Santiago Rodr&#xED;guez, &#xA0;distrito 09-03, Rep&#xFA;blica Dominicana. La metodolog&#xED;a implementada consisti&#xF3; en una investigaci&#xF3;n del tipo anal&#xED;tico, en sentido cuantitativo, utilizando las medidas establecidas de tendencia central y frecuencia relativa; los porcentajes obtenidos fueron calculados con relaci&#xF3;n al n&#xFA;mero o universo.Este estudio concluy&#xF3; que el conjunto de conocimientos y competencias en los ni&#xF1;os y ni&#xF1;as del nivel inicial que se constituyen en experiencias previas, &#xA0;contribuyen en su formaci&#xF3;n al cursar el primer grado del nivel b&#xE1;sico, contrario a aquellos estudiantes que no los poseen. A&#xF1;adi&#xF3;, que del total de maestros de nivel inicial, solo el 42.9% son licenciados en educaci&#xF3;n inicial, y en el nivel b&#xE1;sico, solo 66.7% son licenciados en educaci&#xF3;n b&#xE1;sica.El trabajo recomend&#xF3; que en cada centro funcione el nivel inicial con docentes exclusivos de ese nivel. As&#xED; mismo, realizar un trabajo de reorganizaci&#xF3;n, para que los maestros que trabajaban en niveles de educaci&#xF3;n inicial y b&#xE1;sica laboren en su &#xE1;rea de formaci&#xF3;n, garantizando mayor dominio de las t&#xE9;cnicas, m&#xE9;todos y actividades propias de esos niveles, y ofrecer talleres de capacitaci&#xF3;n peri&#xF3;dicos para los mismos.</subfield>
  </datafield>
  <datafield tag="921" ind1=" " ind2=" ">
    <subfield code="a">50</subfield>
  </datafield>
  <datafield tag="922" ind1=" " ind2=" ">
    <subfield code="a">50</subfield>
  </datafield>
  <datafield tag="923" ind1=" " ind2=" ">
    <subfield code="a">0</subfield>
  </datafield>
  <datafield tag="924" ind1=" " ind2=" ">
    <subfield code="a">NO APLICA</subfield>
  </datafield>
  <datafield tag="942" ind1=" " ind2=" ">
    <subfield code="c">Tesis</subfield>
  </datafield>
  <datafield tag="999" ind1=" " ind2=" ">
    <subfield code="c">4565</subfield>
    <subfield code="d">4565</subfield>
  </datafield>
</record>
